000
00327 a2200145 4500
001
76248
020
_a
978-85-7951-053-3
040
_c
Anchieta - Colégio São Paulo
240
1
0
_a
O Brasil indígena 2º ano
_l
por
245
1
0
_a
O Brasil indígena 2º ano
300
_a
48
362
0
_a
2011
650
4
_a
Brasil
942
_c
BK
999
_c
76248
_d
76248